Los regm̕enes econm̤icos matrimoniales en los derechos civiles forales o especiales

Detalles Bibliográficos
Otros Autores: Ferrer Vanrell, Mara̕ Pilar (Conductor), Lled ̤Yagüe, Francisco (Conductor), Monje Balmaseda, Óscar (coord.)
Formato: Desconocido
Lenguaje:español
Publicado: Madrid : Dikynson, 2010
Materias:
Acceso en línea:Acceso restringido

MARC

LEADER 00000ny a22000003n 4500
005 20110520143329.0
008 100607s2010 sp e 001 spa d
020 |a 9788498498677 
035 |a 5031 
040 |a NoBUC-UCLM  |d vLex 
090 |c 123  |d 123 
245 1 4 |a Los regm̕enes econm̤icos matrimoniales en los derechos civiles forales o especiales  |h [Recurso electrn̤ico]  |c Francisco Lled ̤Yagüe, Ma Pilar Ferrer Vanrell (dirs.) ; Óscar Monje Balmaseda (coord.) 
256 |a Servicio en ln̕ea 
260 |a Madrid :  |b Dikynson,  |c 2010 
300 |a 922 p. ;  |c 24 cm. 
506 1 |a Contenido solo disponible en los productos indicados  |d vLex Global  |d vLex Global (Academic Edition, excluding Law Schools)  |d vLex Global (U.S. Academic Edition, Law Schools)  |d vLex Global (U.S. Academic Edition, excluding Law Schools)  |d vLex Global (Academic Edition, Law Schools) 
650 0 4 |a Capitulaciones matrimoniales  |z Espaą 
700 1 |a Ferrer Vanrell, Mara̕ Pilar,  |e dir. 
700 1 |a Lled ̤Yagüe, Francisco,  |e dir. 
700 1 |a Monje Balmaseda, Óscar,  |e coord. 
740 0 |a vLex Libros (Servicios en ln̕ea) 
856 4 0 |u http://vlex.com/source/5031  |z Acceso restringido 
942 |c BOOK 
999 0 4 |a Civil law  |z Comunidades Autn̤m̤as 
999 0 4 |a Bienes de los cn̤yuges  |z Espaą. 
999 0 4 |a Marital property  |z Spain. 
999 0 4 |a Marital property  |z Spanish autonomous communioties.